<?xml version="1.0" encoding="UTF-8"?>
<record
    xmlns:xsi="http://www.w3.org/2001/XMLSchema-instance"
    xsi:schemaLocation="http://www.loc.gov/MARC21/slim http://www.loc.gov/standards/marcxml/schema/MARC21slim.xsd"
    xmlns="http://www.loc.gov/MARC21/slim">

  <leader>00679nam a22001937a 4500</leader>
  <datafield tag="999" ind1=" " ind2=" ">
    <subfield code="c">1353</subfield>
    <subfield code="d">1353</subfield>
  </datafield>
  <controlfield tag="003">OSt</controlfield>
  <controlfield tag="005">20210625110320.0</controlfield>
  <controlfield tag="008">210625b           ||||| |||| 00| 0 eng d</controlfield>
  <datafield tag="020" ind1=" " ind2=" ">
    <subfield code="a"> 0914168088</subfield>
  </datafield>
  <datafield tag="040" ind1=" " ind2=" ">
    <subfield code="c">ALUPE UNIVERSITY</subfield>
    <subfield code="d">ALUPE UNIVERSITY</subfield>
  </datafield>
  <datafield tag="050" ind1=" " ind2=" ">
    <subfield code="a">QM 25</subfield>
    <subfield code="b">.N4 1987 </subfield>
  </datafield>
  <datafield tag="100" ind1=" " ind2=" ">
    <subfield code="a">Netter, Frank H. </subfield>
    <subfield code="d">(Frank Henry), 1906-1991</subfield>
  </datafield>
  <datafield tag="245" ind1=" " ind2=" ">
    <subfield code="a">The Ciba collection of medical illustrations</subfield>
    <subfield code="b">The Ciba collection of medical illustrations</subfield>
  </datafield>
  <datafield tag="260" ind1=" " ind2=" ">
    <subfield code="a">Summit, N.J. </subfield>
    <subfield code="b">: Ciba,</subfield>
    <subfield code="c"> c1958-</subfield>
  </datafield>
  <datafield tag="300" ind1=" " ind2=" ">
    <subfield code="a"> v. </subfield>
    <subfield code="b"> col</subfield>
    <subfield code="c">. illustration</subfield>
    <subfield code="e">., ports.</subfield>
    <subfield code="g"> ; 32 cm</subfield>
  </datafield>
  <datafield tag="500" ind1=" " ind2=" ">
    <subfield code="a">INDEX,GLOSSARY</subfield>
  </datafield>
  <datafield tag="600" ind1=" " ind2=" ">
    <subfield code="2">: Human anatomy -- Atlases | Anatomy, pathological -- Atlases</subfield>
  </datafield>
  <datafield tag="942" ind1=" " ind2=" ">
    <subfield code="2">lcc</subfield>
    <subfield code="c">BK</subfield>
    <subfield code="n">DO</subfield>
  </datafield>
  <datafield tag="952" ind1=" " ind2=" ">
    <subfield code="0">0</subfield>
    <subfield code="1">0</subfield>
    <subfield code="2">lcc</subfield>
    <subfield code="4">0</subfield>
    <subfield code="7">0</subfield>
    <subfield code="a">MLIB</subfield>
    <subfield code="b">MLIB</subfield>
    <subfield code="c">OS</subfield>
    <subfield code="d">2021-06-25</subfield>
    <subfield code="l">0</subfield>
    <subfield code="o">QM 25 .N4 1987 C1</subfield>
    <subfield code="p">28003728</subfield>
    <subfield code="r">2021-06-25</subfield>
    <subfield code="t">1</subfield>
    <subfield code="w">2021-06-25</subfield>
    <subfield code="y">BK</subfield>
    <subfield code="z">DO</subfield>
  </datafield>
  <datafield tag="952" ind1=" " ind2=" ">
    <subfield code="0">0</subfield>
    <subfield code="1">0</subfield>
    <subfield code="2">lcc</subfield>
    <subfield code="4">0</subfield>
    <subfield code="7">0</subfield>
    <subfield code="a">MLIB</subfield>
    <subfield code="b">MLIB</subfield>
    <subfield code="c">OS</subfield>
    <subfield code="d">2021-06-25</subfield>
    <subfield code="l">0</subfield>
    <subfield code="o">QM 25 .N4 1987 C2</subfield>
    <subfield code="p">28003729</subfield>
    <subfield code="r">2021-06-25</subfield>
    <subfield code="t">2</subfield>
    <subfield code="w">2021-06-25</subfield>
    <subfield code="y">BK</subfield>
    <subfield code="z">DO</subfield>
  </datafield>
  <datafield tag="952" ind1=" " ind2=" ">
    <subfield code="0">0</subfield>
    <subfield code="1">0</subfield>
    <subfield code="2">lcc</subfield>
    <subfield code="4">0</subfield>
    <subfield code="7">0</subfield>
    <subfield code="a">MLIB</subfield>
    <subfield code="b">MLIB</subfield>
    <subfield code="c">OS</subfield>
    <subfield code="d">2021-06-25</subfield>
    <subfield code="l">0</subfield>
    <subfield code="o">QM 25 .N4 1987 C3</subfield>
    <subfield code="p">28003730</subfield>
    <subfield code="r">2021-06-25</subfield>
    <subfield code="t">3</subfield>
    <subfield code="w">2021-06-25</subfield>
    <subfield code="y">BK</subfield>
    <subfield code="z">DO</subfield>
  </datafield>
</record>
